00290nam a22001097a 450000500170000002000180001708200160003510000200005124500530007126000450012430000110016920260324101633.0 a9798893640236 a579.8 WEI.A aWeible, Steven  aAlgae: Biology, biochemistry and biotechnology / aNew York :bCallisto reference, cc2025. a222 p.